Quizzes
Events
Quiz Creation
Community
Videos
Private Events
Remove Ads
Sign In
Join for FREE
Feedback
Dark Mode
Quiz Categories
Sports
Geography
Music
Movies
Television
Just For Fun
Miscellaneous
History
Literature
Language
Science
Gaming
Entertainment
Religion
Holiday
For Kids
Quiz Lab
Recent
Popular Today
Quiz Kudos Today
Editor Picks
Curator Picks
Quizzes by...
Day
Popularity
Type
Ratings
Length
Year
Community
Subscriptions
Recent Discussions
Orange Saloon
Badges
Playlists
Quests
Create
Leaderboards
Showdown
Live 5
Trivia Bingo
Activity
Puzzle Library
Sporcle Events
Private Events
Virtual Trivia
Globe League
Become a Host
Pub Owners
SporcleCon
Opinionation
Our Games
Videos
Blog
Mobile Apps
Partnerships
Remove Ads and Go Orange
Feedback
Music
Pop Music
The Beatles
Song
Album
Lyrics
Bands
Singers
Artist
Clip
Rock
Rap
Classical
Billboard
Country Music
Kpop
Taylor Swift
Music
Pop Music
The Beatles
Song
Album
Lyrics
Bands
Singers
Artist
Clip
Rock
Rap
Classical
Billboard
Country Music
Kpop
Taylor Swift
Random Quiz
Search Sporcle
×
Quiz Lab
Quiz Lab
Music
Fighter
Type in answers that appear in a list
Type in answers that appear in a list
Classic
Best Score? Go Orange.
Lyrics: Generator - Foo Fighters Stats
Can you name the Lyrics: Generator - Foo Fighters
By
brocksingleton1
8m
241 Questions
249 Plays
249 Plays
249 Plays
Comments
Comments
Give Quiz Kudos
Give Quiz Kudos
-
- Ratings
hide this ad
Replay
Link that replays current quiz
Next Quiz
Link to next quiz in quiz playlist
You Got
0%
They Got
Avg Score
75%
Avg Friend Score
Upgrade to see
Score Distribution
Jump to the score distribution portion of the page
Score
0/241
Timer
08:00
0
Plays Today
Answer
% Correct
I
95.2%
you
95.2%
you
95.2%
you
95.2%
you
95.2%
you
95.2%
you
95.2%
you
95.2%
you
95.2%
you
95.2%
you
95.2%
you
95.2%
you
95.2%
you
95.2%
you
95.2%
you
95.2%
you
95.2%
you
95.2%
you
95.2%
you
95.2%
a
94.8%
the
92.8%
the
92.8%
the
92.8%
the
92.8%
the
92.8%
the
92.8%
the
92.8%
the
92.8%
the
92.8%
the
92.8%
the
92.8%
the
92.8%
the
92.8%
the
92.8%
I'm
92%
I'm
92%
I'm
92%
I'm
92%
I'm
92%
I'm
92%
I'm
92%
I'm
92%
I'm
92%
I'm
92%
it
88.4%
it
88.4%
it
88.4%
it
88.4%
it
88.4%
it
88.4%
it
88.4%
it
88.4%
it
88.4%
it
88.4%
it
88.4%
it
88.4%
generator
85.9%
generator
85.9%
generator
85.9%
generator
85.9%
generator
85.9%
generator
85.9%
generator
85.9%
generator
85.9%
generator
85.9%
and
85.1%
and
85.1%
on
85.1%
and
85.1%
on
85.1%
on
85.1%
and
85.1%
and
85.1%
on
85.1%
and
85.1%
on
85.1%
on
85.1%
when
84.7%
When
84.7%
can
83.9%
Answer
% Correct
my
83.9%
my
83.9%
my
83.9%
my
83.9%
your
83.5%
one
82.3%
one
82.3%
one
82.3%
one
82.3%
one
82.3%
one
82.3%
is
81.9%
is
81.9%
is
81.9%
is
81.9%
go
79.9%
hear
79.9%
go
79.9%
hear
79.9%
go
79.9%
hear
79.9%
hear
79.9%
to
79.5%
to
79.5%
to
79.5%
You're
78.3%
You're
78.3%
You're
78.3%
You're
78.3%
you're
78.3%
that
77.9%
that
77.9%
that
77.9%
that
77.9%
in
76.7%
no
76.7%
no
76.7%
with
75.9%
ever
75.9%
do
75.9%
with
75.9%
Yeah
75.5%
Yeah
75.5%
can't
75.5%
Yeah
75.5%
Yeah
75.5%
can't
75.5%
Yeah
75.5%
Yeah
75.5%
can't
75.5%
Yeah
75.5%
can't
75.5%
me
75.1%
me
75.1%
me
75.1%
me
75.1%
could
74.7%
whatever
74.7%
it's
74.7%
whenever
74.7%
whatever
74.7%
it's
74.7%
whenever
74.7%
whatever
74.7%
it's
74.7%
whenever
74.7%
whatever
74.7%
it's
74.7%
started
74.3%
started
74.3%
started
74.3%
started
74.3%
out
73.5%
out
73.5%
out
73.5%
out
73.5%
too
72.7%
but
72.3%
better
71.5%
Wish
71.5%
better
71.5%
Answer
% Correct
better
71.5%
stay
71.1%
left
71.1%
left
71.1%
left
71.1%
firing
70.7%
firing
70.7%
firing
70.7%
sick
70.3%
getting
69.9%
heart?
69.5%
heart?
69.5%
heart?
69.5%
heart?
69.5%
many
68.7%
there's
67.9%
there's
67.9%
there's
67.9%
quit
67.1%
quit
67.1%
quit
67.1%
all
66.7%
if
66.3%
of
65.9%
I'll
65.9%
I'll
65.9%
I'll
65.9%
egos
64.7%
Call
63.9%
call
63.9%
for
63.5%
bruise
62.7%
Lately
61.4%
I'd
60.6%
something
59.8%
something
59.8%
nothing
59.8%
down
59.8%
down
59.8%
down
59.8%
were
59%
now
57%
inside
56.2%
motored
55.4%
motored
55.4%
motored
55.4%
motored
55.4%
deep
55%
use
55%
use
55%
going
53.8%
going
53.8%
forever
53.4%
criminal
53.4%
new
53%
find
53%
find
53%
good
52.6%
spin
52.6%
noose
52.6%
everything
51.4%
everything
51.4%
steal
51%
steal
51%
Well
50.6%
around
50.2%
tether
49.8%
starts
49.4%
sin
49%
till
49%
Till
49%
eating
48.6%
round
48.6%
hang
47.8%
let
45.8%
someone
45.4%
keeps
43%
Send
42.2%
swing
41.8%
Quiz Playlist
Details
Report
Send in Message
Add To Playlist
Classic:
Type in answers that appear in a list
Quiz Source
Last Updated: Feb 16, 2017
Quiz Scoreboard
CHALLENGE
Sign Up to Join the Scoreboard
Show All
Scores
Hide
Comments
May contain spoilers
Recently Published
9x9 Crossword: Cartoon Network
by jackfrog10
Miscellaneous
3m
College Basketball Coaching Resumes
by pancakes188
Sports
9m
Billboard Blitz: Fleetwood Mac
by CooCooCachoo
Music
15s
More to Explore
Quiz From the Vault
Featured Blog Post
Where Did the Easter Bunny Come From?
hide this ad
You Might Also Like...
Tags
Fighter
Foo Fighters
Today's Top Quizzes in Music
Browse Music
hide this ad
Today's Top Quizzes in Fighter
Browse Fighter
Top Contributed Quizzes in Music
1
Taylor Swift All Songs (2024)
2
Guess the Artist- 70s Songs
3
7-to-1: Billboard Hot 100 #1 Hits of 2010s
4
Sorting Albums and Songs
5
Taylor Swift Logic Puzzle
6
KPOP LOGIC QUIZ
7
Guess the Taylor Swift song (Mystery Song)
8
One Thing in Common: Music
9
2010s Album by Cover III
10
Guess The Taylor Swift Lyrics Song #1
Explore More
Trending Topics
Disney
Anime
Kpop
Harry Potter
Crossword
NBA
Marvel
The Office
Pokémon
Song
Soccer
Country
NFL
Puzzle
WWE
hide this ad
More By:
brocksingleton1
Quiz
Plays
Rating
Category
Featured
Created
Australian Sports Logos
1,868
4.00
Sports
Feb 15, 2015
RHCP songs by any 3 letters
888
5.00
Music
Jan 26, 2015
NRL Maiden Premierships
517
5.00
Sports
Feb 16, 2015
Lyrics: Around the world - Red Hot Chili Peppers
359
4.00
Music
Jan 19, 2015
NRL 300 Club
251
5.00
Sports
Feb 12, 2020
Go to Creator's Profile
Score Distribution
Quiz Creator Spotlight
brocksingleton1
Follow
Send a Message
Quizzes Created
-
Created Quiz Play Count
-
More By This Creator
Popular Quizzes Today
1
Find the US States - No Outlines Minefield
2
Find the Countries of Europe - No Outlines Minefield
3
The Countries of the World
4
Find the US States
5
Risky Map Clicking: Biggest States A-Z
6
US States
7
Popular People in 1961
8
Movies - When Are They Set?
More Music Quizzes
find Stray Kids members by pictures
Quiz Lab
Trending Quizzes
Risky Map Clicking: Least Populous States A-Z
1-10 Letter G Words
1-10 Letter F Words
Risky Map Clicking: Next State Alphabetically
Adjectives in 80s TV Shows
Recently Updated
Leaping Animals
pecheneg
Reality TV Shows (A-Z)
bhenderson79
Rickey Henderson's Hall of Fame Teammates
pecheneg
Champions League XIs: Arsenal
pecheneg
Quick Pick: Celebrities in WWE's Hall of Fame
aduchscher
A-Z Keypad Blitz II
pecheneg
Multiple Oscar Actors
pecheneg
Mystery Phrase Blitz: Oscar 'Best Actors'
pecheneg
F. Scott Fitzgerald Novels
LTH
Pick 3 Villains
ddd62291
Trending Topics
Disney
Anime
NBA
Crossword
Marvel
Harry Potter
Kpop
Country
Song
WWE
NFL
Soccer
Puzzle
The Office
Pokémon
Your Account Isn't Verified!
In order to create a playlist on Sporcle, you need to verify the email address you used during registration. Go to your
Sporcle Settings
to finish the process.
Report this User
Report this user for behavior that violates our
Community Guidelines
.
Details:
Send Report
Go to the Sporcle.com Mobile Site →
Comments